[Event "Gran Canaria Dominguez Memorial 2nd"]
[Site "Gran Canaria"]
[Date "2015.04.23"]
[Round "5"]
[White "Chaparro Grande, Fernando"]
[Black "Martin Perez, Francisco Jose"]
[Result "1/2-1/2"]
[WhiteElo "1588"]
[BlackElo "1763"]
[PlyCount "44"]
[EventDate "2015.04.09"]
[EventType "swiss"]
[EventRounds "7"]
[EventCountry "ESP"]
[SourceTitle "CBM 166 Extra"]
[Source "ChessBase"]
[SourceDate "2015.06.18"]
[SourceVersion "1"]
[SourceVersionDate "2015.06.18"]
[SourceQuality "1"]

1. b4 d5 2. Bb2 Bf5 3. Nf3 e6 4. a3 Nf6 5. e3 Nbd7 6. c4 c6 7. d4 dxc4 8. Bxc4 Nb6 9. Bb3 Bd6 10. Nc3 0-0 11. h3 Qe7 12. Nh4 Ne4 13. Nxf5 exf5 14. Qf3 Nxc3 15. Bxc3 f4 16. e4 Qg5 17. Bd2 Rae8 18. 0-0 Bc7 19. Rac1 Qd8 20. Bc3 Kh8 21. Qh5 Qd6 22. Bc2 Qg6 1/2-1/2

[Event "Gran Canaria Dominguez Memorial 2nd"]
[Site "Gran Canaria"]
[Date "2015.04.20"]
[Round "4"]
[White "Roque Hernandez, Francisco"]
[Black "Chaparro Grande, Fernando"]
[Result "0-1"]
[WhiteElo "1389"]
[BlackElo "1588"]
[PlyCount "34"]
[EventDate "2015.04.09"]
[EventType "swiss"]
[EventRounds "7"]
[EventCountry "ESP"]
[SourceTitle "CBM 166 Extra"]
[Source "ChessBase"]
[SourceDate "2015.06.18"]
[SourceVersion "1"]
[SourceVersionDate "2015.06.18"]
[SourceQuality "1"]

1. e4 e5 2. Nf3 Nc6 3. Bb5 a6 4. Ba4 Nf6 5. d3 b5 6. Bb3 h6 7. a4 Bb7 8. 0-0 Bc5 9. Nc3 b4 10. Nd5 0-0 11. Be3 Bd6 12. Nd2 Na5 13. f4 Nxd5 14. Bxd5 Bxd5 15. exd5 Qe7 16. Ne4 exf4 17. Nxd6 Qxe3+ 0-1

[Event "Gran Canaria Dominguez Memorial 2nd"]
[Site "Gran Canaria"]
[Date "2015.04.09"]
[Round "1"]
[White "Chaparro Grande, Fernando"]
[Black "Perez Rosales, Pedro"]
[Result "0-1"]
[WhiteElo "1588"]
[BlackElo "2073"]
[PlyCount "68"]
[EventDate "2015.04.09"]
[EventType "swiss"]
[EventRounds "7"]
[EventCountry "ESP"]
[SourceTitle "CBM 166 Extra"]
[Source "ChessBase"]
[SourceDate "2015.06.18"]
[SourceVersion "1"]
[SourceVersionDate "2015.06.18"]
[SourceQuality "1"]

1. e4 c5 2. c3 g6 3. f4 d5 4. e5 Nc6 5. d4 cxd4 6. cxd4 Qb6 7. Nf3 Bg4 8. Be2 e6 9. 0-0 Bxf3 10. Bxf3 Qxd4+ 11. Kh1 Qxd1 12. Rxd1 Bc5 13. Nc3 a6 14. Ne2 Nge7 15. Rd3 h5 16. Bd2 Rc8 17. Rc1 Ba7 18. Rb3 Nd8 19. Rxc8 Nxc8 20. Bb4 Kd7 21. Nc1 Nc6 22. Be1 Kc7 23. Rc3 Bd4 24. Rc2 N8e7 25. Nb3 Be3 26. g3 Nf5 27. Be2 Kb8 28. Bxa6 h4 29. Kg2 hxg3 30. hxg3 Bd4 31. Kf3 Rh1 32. Bd2 Rh2 33. Be2 Rf2+ 34. Kg4 Rxe2 0-1

[Event "Gran Canaria Cabildo op"]
[Site "Gran Canaria"]
[Date "2015.03.13"]
[Round "5"]
[White "Chaparro Grande, Fernando"]
[Black "Sosa Suarez, Nestor"]
[Result "1/2-1/2"]
[WhiteElo "1586"]
[BlackElo "1054"]
[PlyCount "33"]
[EventDate "2015.02.27"]
[EventType "swiss"]
[EventRounds "7"]
[EventCountry "ESP"]
[SourceTitle "CBM 165 Extra"]
[Source "ChessBase"]
[SourceDate "2015.04.21"]
[SourceVersion "1"]
[SourceVersionDate "2015.04.21"]
[SourceQuality "1"]

1. b4 d5 2. Bb2 Nf6 3. e3 Bf5 4. Nf3 Nbd7 5. c4 c6 6. a3 g6 7. Nc3 e6 8. Be2 Bg7 9. Nd4 dxc4 10. Nxf5 exf5 11. Bxc4 Ne5 12. Qe2 b5 13. Nxb5 Nxc4 14. Qxc4 cxb5 15. Qxb5+ Qd7 16. Qxd7+ Kxd7 17. Rc1 1/2-1/2

[Event "Gran Canaria Cabildo op"]
[Site "Gran Canaria"]
[Date "2015.03.10"]
[Round "4"]
[White "Agejas Garcia, Diego"]
[Black "Chaparro Grande, Fernando"]
[Result "1-0"]
[WhiteElo "1450"]
[BlackElo "1586"]
[PlyCount "103"]
[EventDate "2015.02.27"]
[EventType "swiss"]
[EventRounds "7"]
[EventCountry "ESP"]
[SourceTitle "CBM 165 Extra"]
[Source "ChessBase"]
[SourceDate "2015.04.21"]
[SourceVersion "1"]
[SourceVersionDate "2015.04.21"]
[SourceQuality "1"]

1. d4 Nf6 2. c4 e6 3. Nc3 d5 4. e3 c6 5. Nf3 Nbd7 6. Bd3 a6 7. a3 Be7 8. 0-0 0-0 9. Qc2 dxc4 10. Bxc4 Qc7 11. b3 Nd5 12. Bb2 c5 13. Nxd5 exd5 14. Bxd5 Nf6 15. Bc4 Kh8 16. Bd3 h6 17. Rac1 b6 18. b4 Qb7 19. dxc5 bxc5 20. Bxf6 gxf6 21. Be4 Qa7 22. Bxa8 Qxa8 23. bxc5 Rg8 24. e4 Bh3 25. g3 Bxf1 26. Rxf1 Qc6 27. Rc1 Rc8 28. Nd4 Qxc5 29. Qxc5 Rxc5 30. Rxc5 Bxc5 31. Nc2 a5 32. a4 Kg8 33. Ne1 Kf8 34. Nd3 Bb4 35. Kf1 Ke7 36. Ke2 Ke6 37. f4 f5 38. Ke3 f6 39. h3 h5 40. e5 fxe5 41. fxe5 Bc3 42. Kf4 Bd2+ 43. Kf3 Kd5 44. g4 fxg4+ 45. hxg4 hxg4+ 46. Kxg4 Kd4 47. e6 Bb4 48. Nxb4 axb4 49. e7 b3 50. e8Q Kc3 51. a5 b2 52. Qb8 1-0